Die Verteidigung der bürgerlichen Nation : Industrielle und hohe Beamte in Deutschland und Frankreich 1900 - 1930
Saved in:
| Main Author: | |
|---|---|
| Document Type: | Thesis Book |
| Language: | German |
| Published: |
Göttingen
: Vandenhoeck & Ruprecht
, 2002
|
| Series: | Kritische Studien zur Geschichtswissenschaft
154 |
| Subjects: | |
| Online Access: | Inhaltsverzeichnis Rezension Inhaltsverzeichnis |
| Related Items: | Online-Ausg.:
Die Verteidigung der bürgerlichen Nation Erscheint auch als: Die Verteidigung der bürgerlichen Nation Rezension: [Rezension von: Föllmer, Moritz, Die Verteidigung der bürgerlichen Nation, Industrielle und hohe Beamte in Deutschland und Frankreich 1900 - 1930] Rezensiert in: [Rezension von: Moritz Föllmer, Die Verteidigung der bürgerlichen Nation. Industrielle und hohe Beamte in Deutschland und Frankreich 1900-1930] Rezensiert in: [Rezension von: Föllmer, Moritz, Die Verteidigung der bürgerlichen Nation] |
| Author Notes: | von Moritz Föllmer |
| LEADER | 08720cam a2201525 c 4500 | ||
|---|---|---|---|
| 001 | 351983392 | ||
| 003 | DE-627 | ||
| 005 | 20260421112642.0 | ||
| 007 | tu | ||
| 008 | 020805s2002 gw ||||| m 00| ||ger c | ||
| 010 | |a 2002546086 | ||
| 015 | |a 02,N33,0895 |2 dnb | ||
| 015 | |a 02,A43,1726 |2 dnb | ||
| 016 | 7 | |a 964270390 |2 DE-101 | |
| 020 | |a 3525351682 |9 3-525-35168-2 | ||
| 024 | 3 | |a 9783525351680 | |
| 035 | |a (DE-627)351983392 | ||
| 035 | |a (DE-603)104973641 | ||
| 035 | |a (DE-576)099581248 | ||
| 035 | |a (DE-599)DNB964270390 | ||
| 035 | |a (OCoLC)723104154 | ||
| 035 | |a (OCoLC)50738740 | ||
| 035 | |a (OCoLC)237592947 | ||
| 035 | |a (DE-615)00279636 | ||
| 035 | |a (DE-H357)his39629 | ||
| 040 | |a DE-627 |b ger |c DE-627 |e rakwb | ||
| 041 | |a ger | ||
| 044 | |c XA-DE |c XA-FR | ||
| 050 | 0 | |a JC311 | |
| 082 | 0 | |a 303.409 | |
| 082 | 0 | |a 0903 | |
| 082 | 0 | |a 0904 | |
| 082 | 0 | |a 944 | |
| 084 | |a 63 |2 sdnb | ||
| 084 | |a 63 |a 65 |2 sdnb | ||
| 084 | |a RA04.06 |2 fivr | ||
| 084 | |a RA05.01 |2 fivr | ||
| 084 | |a SA02 |2 fivs | ||
| 084 | |a 8,1 |2 ssgn | ||
| 084 | |a NW 7050 |q BVB |2 rvk |0 (DE-625)rvk/132291: | ||
| 084 | |a NK 6830 |q BVB |2 rvk |0 (DE-625)rvk/126141: | ||
| 084 | |a NW 7700 |q BVB |2 rvk |0 (DE-625)rvk/132298: | ||
| 084 | |a NW 7500 |2 rvk |0 (DE-625)rvk/132296: | ||
| 084 | |a 15.08 |2 bkl | ||
| 084 | |a 15.43 |2 bkl | ||
| 084 | |a 15.65 |2 bkl | ||
| 090 | |a a | ||
| 100 | 1 | |a Föllmer, Moritz |d 1971- |0 (DE-588)123738687 |0 (DE-627)493437657 |0 (DE-576)293853428 |4 aut | |
| 245 | 1 | 4 | |a Die Verteidigung der bürgerlichen Nation |b Industrielle und hohe Beamte in Deutschland und Frankreich 1900 - 1930 |c von Moritz Föllmer |
| 264 | 1 | |a Göttingen |b Vandenhoeck & Ruprecht |c 2002 | |
| 300 | |a 368 S |c 23 cm | ||
| 336 | |a Text |b txt |2 rdacontent | ||
| 337 | |a ohne Hilfsmittel zu benutzen |b n |2 rdamedia | ||
| 338 | |a Band |b nc |2 rdacarrier | ||
| 361 | 1 | |5 DE-32 |y 751932957 |s NW 7700 F654 |o Vorbesitz |a Vandenhoeck & Ruprecht |0 (DE-588)2024420-4 |0 (DE-627)102163758 |0 (DE-576)191770086 |f Stempel | |
| 361 | 1 | |5 DE-32 |y 751934348 |s 187665 - A |o Vorbesitz |a Vandenhoeck & Ruprecht |0 (DE-588)2024420-4 |0 (DE-627)102163758 |0 (DE-576)191770086 |f Stempel | |
| 490 | 1 | |a Kritische Studien zur Geschichtswissenschaft |v 154 | |
| 502 | |a Zugl.: Berlin, Humboldt-Univ., Diss., 2000 | ||
| 583 | 1 | |a Archivierung/Langzeitarchivierung gewährleistet |f PENI |x XA-DE-NI |2 pdager |5 DE-35 | |
| 583 | 1 | |a Archivierung/Langzeitarchivierung gewährleistet |f SLG |z Frankreichforschung |2 pdager |5 DE-77 | |
| 648 | 7 | |a Geschichte 1900-1930 |2 gnd | |
| 650 | 0 | |a Nation-state |x History | |
| 650 | 0 | |a Civil service |z Germany |x History |y 20th century | |
| 650 | 0 | |a Civil service |z France |x History |y 20th century | |
| 650 | 0 | 7 | |0 (DE-588)4041300-7 |0 (DE-627)106219758 |0 (DE-576)209044373 |a Nationalismus |2 gnd |
| 650 | 0 | 7 | |0 (DE-588)4160428-3 |0 (DE-627)105477958 |0 (DE-576)209857684 |a Hoher Beamter |2 gnd |
| 650 | 0 | 7 | |0 (DE-588)4061949-7 |0 (DE-627)10613390X |0 (DE-576)209141964 |a Unternehmer |2 gnd |
| 650 | 0 | 7 | |0 (DE-588)4041282-9 |0 (DE-627)104162430 |0 (DE-576)209044284 |a Nationalbewusstsein |2 gnd |
| 650 | 4 | |a Nationalismus | |
| 650 | 4 | |a Nation | |
| 650 | 4 | |a Deutschland | |
| 650 | 4 | |a Frankreich | |
| 650 | 4 | |a Ländervergleich | |
| 650 | 4 | |a Nationalbewusstsein | |
| 650 | 4 | |a Beamter | |
| 650 | 4 | |a Unternehmer | |
| 650 | 4 | |a Bürgerlichkeit | |
| 650 | 4 | |a Bürgertum | |
| 650 | 4 | |a Nachkriegsgesellschaft | |
| 650 | 4 | |a Deutschland |x Frankreich |x Internationaler Vergleich/Ländervergleich |x Bürgerliche Gesellschaft |x Nationale Identität |x Politisch-gesellschaftliches Bewusstsein |x Elite |x Leitender Beamter |x Wirtschaftliche Elite |x Kriegsgefahr | |
| 650 | 4 | |a Nation, Deutung | |
| 651 | 7 | |0 (DE-588)4011882-4 |0 (DE-627)104704861 |0 (DE-576)208896155 |a Deutschland |2 gnd | |
| 651 | 7 | |0 (DE-588)4018145-5 |0 (DE-627)106327232 |0 (DE-576)208922857 |a Frankreich |2 gnd | |
| 655 | 7 | |a Hochschulschrift |0 (DE-588)4113937-9 |0 (DE-627)105825778 |0 (DE-576)209480580 |2 gnd-content | |
| 689 | 0 | 0 | |d g |0 (DE-588)4011882-4 |0 (DE-627)104704861 |0 (DE-576)208896155 |a Deutschland |2 gnd |
| 689 | 0 | 1 | |d s |0 (DE-588)4160428-3 |0 (DE-627)105477958 |0 (DE-576)209857684 |a Hoher Beamter |2 gnd |
| 689 | 0 | 2 | |d s |0 (DE-588)4061949-7 |0 (DE-627)10613390X |0 (DE-576)209141964 |a Unternehmer |2 gnd |
| 689 | 0 | 3 | |d s |0 (DE-588)4041282-9 |0 (DE-627)104162430 |0 (DE-576)209044284 |a Nationalbewusstsein |2 gnd |
| 689 | 0 | 4 | |d g |0 (DE-588)4018145-5 |0 (DE-627)106327232 |0 (DE-576)208922857 |a Frankreich |2 gnd |
| 689 | 0 | 5 | |a z |2 gnd |a Geschichte 1900-1930 |
| 689 | 0 | |5 DE-101 | |
| 751 | |a Berlin |0 (DE-588)4005728-8 |0 (DE-627)10482638X |0 (DE-576)208862560 |4 uvp | ||
| 776 | 0 | 8 | |i Online-Ausg. |a Föllmer, Moritz, 1971 - |t Die Verteidigung der bürgerlichen Nation |d Göttingen : Vandenhoeck & Ruprecht, 2002 |h 368 S. |w (DE-627)1652438580 |w (DE-576)38334655X |z 3525351682 |
| 776 | 0 | 8 | |i Erscheint auch als |n Online-Ausgabe |a Föllmer, Moritz, 1971 - |t Die Verteidigung der bürgerlichen Nation |b 1. Aufl. |d Göttingen : Vandenhoeck & Ruprecht, 2002 |h Online-Ressource (368 S.) |w (DE-627)1653751754 |w (DE-576)423589989 |z 9783666351686 |
| 787 | 0 | 8 | |i Rezension |a Vincent, Marie Bénédicte |t [Rezension von: Föllmer, Moritz, Die Verteidigung der bürgerlichen Nation, Industrielle und hohe Beamte in Deutschland und Frankreich 1900 - 1930] |d 2005 |h Online-Ressource |w (DE-627)606253637 |
| 787 | 0 | 8 | |i Rezensiert in |a Vincent, Marie-Bénédicte, 1975 - |t [Rezension von: Moritz Föllmer, Die Verteidigung der bürgerlichen Nation. Industrielle und hohe Beamte in Deutschland und Frankreich 1900-1930] |d Sigmaringen : Jan Thorbecke Verlag, 2005 |w (DE-627)1681605198 |
| 787 | 0 | 8 | |i Rezensiert in |a Hettling, Manfred, 1956 - |t [Rezension von: Föllmer, Moritz, Die Verteidigung der bürgerlichen Nation] |d 2004 |w (DE-627)50073478X |w (DE-576)9500734788 |
| 830 | 0 | |a Kritische Studien zur Geschichtswissenschaft |v 154 |9 154 |w (DE-627)129387711 |w (DE-576)01477402X |w (DE-600)184291-2 |x 2198-297X |7 am | |
| 856 | 4 | 2 | |u http://www.gbv.de/dms/bs/toc/351983392.pdf |m V:DE-601 |m B:DE-84 |q pdf/application |x Verlag |y Inhaltsverzeichnis |3 Inhaltsverzeichnis |7 1 |
| 856 | 4 | 2 | |u http://www.sehepunkte.de/2004/03/2865.html |m V:DE-576;X:Sehepunkte |q text/html |v 20180424122851 |3 Rezension |7 1 |
| 856 | 4 | 2 | |u http://scans.hebis.de/HEBCGI/show.pl?10497364_toc.pdf |m V:DE-603;B:DE-17 |q application/pdf |3 Inhaltsverzeichnis |7 1 |
| 935 | |a MZFRA | ||
| 935 | |i sf | ||
| 935 | |i Blocktest | ||
| 936 | r | v | |a NW 7050 |b Führungsschichten, Oberschichten |k Geschichte |k Wirtschafts- und Sozialgeschichte |k Spezielle Sozialgeschichte |k Einzelne Stände und Gesellschaftsgruppen |k Führungsschichten, Oberschichten |0 (DE-627)1271310775 |0 (DE-625)rvk/132291: |0 (DE-576)201310775 |
| 936 | r | v | |a NK 6830 |b Allgemeines |k Geschichte |k Weltgeschichte, Darstellungen Allgemeine Geschichte einzelner Staaten und Völker Teilgebiete der Geschichte, Sammelwerke |k Teilgebiete der Geschichte |k Geschichte der politischen und sozialen Ideen und Bewegungen und der politischen Parteien |k Konservatismus |k Allgemeines |0 (DE-627)1271458012 |0 (DE-625)rvk/126141: |0 (DE-576)201458012 |
| 936 | r | v | |a NW 7700 |b Kaufleute, Unternehmer |k Geschichte |k Wirtschafts- und Sozialgeschichte |k Spezielle Sozialgeschichte |k Einzelne Stände und Gesellschaftsgruppen |k Kaufleute, Unternehmer |0 (DE-627)1270883976 |0 (DE-625)rvk/132298: |0 (DE-576)200883976 |
| 936 | r | v | |a NW 7500 |b Beamte |k Geschichte |k Wirtschafts- und Sozialgeschichte |k Spezielle Sozialgeschichte |k Einzelne Stände und Gesellschaftsgruppen |k Beamte |0 (DE-627)1271540851 |0 (DE-625)rvk/132296: |0 (DE-576)201540851 |
| 936 | b | k | |a 15.08 |j Sozialgeschichte |0 (DE-627)181571005 |
| 936 | b | k | |a 15.43 |j Deutsche Geschichte des 19. Jahrhunderts bis zur Gegenwart |0 (DE-627)181569701 |
| 936 | b | k | |a 15.65 |j Frankreich |x Geschichte |0 (DE-627)181571641 |
| 936 | f | i | |0 (DE-627)1756131651 |a RA04.06 |b Frankreich |k Europa |k Westeuropa |k Frankreich |2 fivr |
| 936 | f | i | |0 (DE-627)1756131678 |a RA05.01 |b Deutschland |k Europa |k Mitteleuropa |k Deutschland |2 fivr |
| 936 | f | i | |0 (DE-627)1756135258 |a SA02 |b Geschichte |k Allgemeine Literatur |k Geschichte |2 fivs |
| 936 | f | i | |a ZGF630 |b Geschichte: Gesellschaft |k Geschichte: Gesellschaft |q DE-Lg3 |2 fivw |
| 936 | s | n | |a n100 |2 mzub |
| 938 | 1 | 0 | |0 (DE-627)175614625X |0 (DE-615)6603417 |a Deutschland |2 fivt |
| 938 | 1 | 0 | |0 (DE-627)1756151954 |0 (DE-615)6605228 |a Unternehmer |2 fivt |
| 938 | 1 | 0 | |0 (DE-627)1756157715 |0 (DE-615)6604943 |a Nationale Identität |2 fivt |
| 938 | 1 | 0 | |0 (DE-627)1756148325 |0 (DE-615)6603106 |a Frankreich |2 fivt |
| 938 | 1 | 0 | |0 (DE-627)1756183988 |0 (DE-615)6607777 |a Nationalismus |2 fivt |
| 951 | |a BO | ||
| 990 | |a Deutschland | ||
| 990 | |a Hoher Beamter | ||
| 990 | |a Unternehmer | ||
| 990 | |a Nationalbewusstsein | ||
| 990 | |a Frankreich | ||
| 990 | |a Geschichte 1900-1930 | ||
| 991 | |a Rezensiertes Werk | ||
| 999 | |a KXP-PPN351983392 |e 4964279928 | ||


